000 00235nam a2200097Ia 4500
005 20251222114414.0
008 251222s1900||||xx |||||||||||||| ||spa||
082 _aDVD0010/T22/1994
245 0 _aTiempos Violentos:Pulp Fiction
942 _cDVD
999 _c2164
_d2164